000 00192 a2200097 4500
020 _a9780446698894
041 _aeng
100 _aWeiner eric
245 _aThe geography of bliss
942 _cBK
999 _c10881
_d10881